| 000 | 00651nam a22002177a 4500 | ||
|---|---|---|---|
| 003 | URS | ||
| 005 | 20250603193029.0 | ||
| 008 | 250603t2005 ph ||||| |||| 00| 0 eng d | ||
| 020 | _a9718170979 | ||
| 040 |
_aDLC _beng _cDLC _dDLC _dURS _erda |
||
| 050 |
_aHF 5548.15 _bA43 2005 |
||
| 245 |
_aThe Administrative Professionals in the Global Office / _cAlegre, Lilia A. |
||
| 264 |
_aManila: _bBooklore Publishing Corporation _c[2005] |
||
| 300 |
_a208 pages ; _b24 cm |
||
| 336 |
_2text _atxt _brdacontent |
||
| 700 | _aAlegre, Lilia A. | ||
| 700 | _aGomez, Milagrina A. | ||
| 700 | _aMapa, Conception B. | ||
| 700 | _aLopez, Zaida R. | ||
| 942 |
_2lcc _cBK |
||
| 999 |
_c82972 _d82971 |
||